00321nam a22000977a 4500999001900000100003100019245005800050260002400108300001000132952008100142 c515771d515771 aMadan, Brig. Pessie921606 aAn odyssey :bMy reminiscencescby Brig. Pessie Madan aDelhibKonarkc2008 a257p. 00102ddc4070aIIPAbIIPAd2021-02-05pGR22779r2021-02-05w2021-02-05yGR